| 000 | ncm a22 a 4500 | ||
|---|---|---|---|
| 999 |
_c353532 _d353532 |
||
| 003 | BLK | ||
| 005 | 20200410164200.0 | ||
| 008 | 180414b bul |a|er|||| |0| c|bulo| | ||
| 010 | _aNOT00002565000 | ||
| 040 | _aBLK | ||
| 041 |
_aRUS _cRUS |
||
| 080 |
_aФагот. Етюди, школи, учебна литература _b788.8.087.5 _x788.8.087.5 |
||
| 100 |
_9404555 _aВейсенборн, Юрий _eпърви автор |
||
| 139 |
_aВейсенборн, Юрий _bВ 36 |
||
| 245 | 1 | 0 |
_aИзбранные этюды _cЮрий Вейсенборн _bдля фагота |
| 254 | _aКлавир | ||
| 257 | _aRUS | ||
| 260 |
_bМузыка _c1986 _aМосква |
||
| 300 |
_a47 с. _c29 см |
||
| 380 | _a7 | ||
| 650 | 7 |
_aФагот _9175128 |
|
| 653 | 7 |
_aетюди _9186510 |
|
| 852 | _aЦб М ІІ 10355 | ||
| 856 | 4 |
_qpdf _u |
|
| 856 | 4 |
_qpdf _u |
|
| 942 |
_cNOT _n0 _s1 |
||
| 944 |
_aCR _c2020-04-10 _kРенета Константинова |
||
| 999 | _d353520 | ||